| 000 | 00378nam a2200145Ia 4500 | ||
|---|---|---|---|
| 008 | 240624s9999 xx 000 0 und d | ||
| 041 | _aeng | ||
| 082 | _a515 HAE | ||
| 100 | _aHAEUSSLER ERNEST F | ||
| 245 | _aINTRODUCTORY MATHEMATICAL ANALYSIS FOR B | ||
| 250 | _a(13th ed.) | ||
| 260 |
_c2011 _aNew York _bPrentice Hall |
||
| 300 | _axvii, : 811 : p. : cm. ; 28 | ||
| 365 | _c | ||
| 999 |
_c27145 _d27145 |
||